[Event "Mistrzostwa Polski Juniorek Mlodszych do lat 14 - OOM Zachodniopomorskie 2023"]
[Site "Darlowek"]
[Date "1899-12-30"]
[Round "4.20"]
[White "Czarkowska, Dalia"]
[Black "Woytitzki, Sophie"]
[Result "1-0"]
[WhiteTitle "I"]
[BlackTitle "II"]
[WhiteElo "1209"]
[BlackElo "1156"]

1. d4 Nf6 2. Nf3 e6 3. g3 b6 4. Bg2 Bb7 5. O-O Be7 6. c4 O-O 7. Nc3 d5 8. Ne5 Nbd7
9. Re1 Nxe5 10. dxe5 Ne4 11. Nxe4 dxe4 12. b3 Bb4 13. Rf1 Bc3 14. Rb1 Bxe5 15.
Qc2 f5 16. Rd1 Qf6 17. e3 Qh6 18. Bb2 Bxb2 19. Rxb2 Rad8 20. Rbb1 a5 21. a3 Qf6
22. b4 axb4 23. axb4 h6 24. c5 b5 25. c6 Ba8 26. Qc5 e5 27. Qxb5 Bxc6 28. Qc4+
Kh7 29. b5 Bxb5 30. Qxb5 Rb8 31. Qc4 Rxb1 32. Rxb1 Rc8 33. Rc1 c5 34. Qd5 h5 35.
Rxc5 Rxc5 36. Qxc5 Kh6 37. Qc8 g5 38. Bh3 g4 39. Bg2 Qd6 40. Qxf5 Qd1+ 41. Bf1
Qd5 42. h3 gxh3 43. Bxh3 Qd1+ 44. Kg2 Qd5 45. Qf6+ Kh7 46. Bf5+ Kg8 47. Be6+ Qxe6
48. Qxe6+ Kh7 49. Qxe5 h4 50. Qg5 h3+ 51. Kxh3 Kh8 52. Kg4 Kh7 53. Kf5 Kh8 54.
Kf6 Kh7 55. Qg7# 1-0

[Event "Mistrzostwa Polski Juniorek Mlodszych do lat 14 - OOM Zachodniopomorskie 2023"]
[Site "Darlowek"]
[Date "1899-12-30"]
[Round "4.21"]
[White "Swiderska, Jagoda"]
[Black "Oleksiuk, Anna"]
[Result "0-1"]
[WhiteTitle "I"]
[BlackTitle "II"]
[WhiteElo "1186"]
[BlackElo "1119"]

1. e4 c5 2. Nf3 d6 3. d4 cxd4 4. Nxd4 Nf6 5. Nc3 a6 6. h3 Qc7 7. Be3 e5 8. Nf3
Be6 9. Qd2 Be7 10. O-O-O Nbd7 11. Nh4 Rc8 12. Nf5 Bxf5 13. exf5 d5 14. Bg5 d4
15. Bxf6 Nxf6 16. Nb1 Ne4 17. Qd3 Nxf2 18. Qb3 Nxh1 19. Bd3 Nf2 20. Rf1 Bg5+ 21.
Nd2 Nxd3+ 22. Qxd3 O-O 23. Kd1 Bxd2 24. Qxd2 f6 25. Re1 Qd7 26. g4 Rc7 27. Qd3
Rfc8 28. Re2 Qa4 29. a3 Qc4 30. Qxc4+ Rxc4 31. h4 Rd8 32. Kd2 d3 33. cxd3 Rxg4
34. h5 e4 35. d4 Rxd4+ 36. Kc2 Rd3 37. h6 gxh6 0-1

[Event "Mistrzostwa Polski Juniorek Mlodszych do lat 14 - OOM Zachodniopomorskie 2023"]
[Site "Darlowek"]
[Date "1899-12-30"]
[Round "4.22"]
[White "Nurkiewicz, Anna"]
[Black "Kaminska, Zuzanna"]
[Result "1-0"]
[WhiteTitle "I+"]
[BlackTitle "II"]
[WhiteElo "1361"]
[BlackElo "1040"]

1. d4 d5 2. c4 Nf6 3. Nc3 Bf5 4. Bf4 c6 5. e3 g6 6. Nf3 e6 7. c5 Bg7 8. Bd6 Qa5
9. Qd2 Ne4 10. Nxe4 Qxd2+ 11. Nexd2 Nd7 12. Be2 Nf6 13. O-O Rd8 14. b4 b6 15.
Ne5 Nd7 16. Nxc6 Ra8 17. Ba6 bxc5 18. bxc5 Nb8 19. Nxb8 Rxb8 20. Bxb8 O-O 21.
Bd6 Rd8 22. Rac1 f6 23. Bc7 Rd7 24. Ba5 e5 25. Rfe1 1-0

[Event "Mistrzostwa Polski Juniorek Mlodszych do lat 14 - OOM Zachodniopomorskie 2023"]
[Site "Darlowek"]
[Date "1899-12-30"]
[Round "4.23"]
[White "Dzierzgowska, Jagoda"]
[Black "Gancarz, Julia"]
[Result "1-0"]
[WhiteTitle "I"]
[BlackTitle "II"]
[WhiteElo "1219"]
[BlackElo "1057"]

1. d4 d5 2. Bf4 Nc6 3. e3 Bf5 4. c4 e6 5. Nc3 Nf6 6. h3 h5 7. Nf3 Ne4 8. a3 f6
9. Nb5 e5 10. dxe5 fxe5 11. Nxe5 a6 12. Nxc6 bxc6 13. Nxc7+ Kf7 14. Nxa8 Qxa8
15. f3 Nf6 16. Be2 Qb7 17. b4 g6 18. O-O Bg7 19. Rc1 Qa8 20. Qb3 Re8 21. cxd5
cxd5 22. Rc7+ Kg8 23. Rfc1 a5 24. bxa5 Qxa5 25. R7c5 Qd2 26. Qd1 Qa2 27. a4 Ra8
28. Bb5 Rd8 29. Qe2 Qa3 30. g4 Be6 31. Qd3 1-0

[Event "Mistrzostwa Polski Juniorek Mlodszych do lat 14 - OOM Zachodniopomorskie 2023"]
[Site "Darlowek"]
[Date "1899-12-30"]
[Round "4.24"]
[White "Rduch, Diana"]
[Black "Szczap, Malgorzata"]
[Result "1-0"]
[WhiteTitle "I"]
[BlackTitle "II"]
[WhiteElo "1128"]
[BlackElo "1103"]

1. e4 e6 2. d4 d5 3. e5 c5 4. c3 Nc6 5. Nf3 c4 6. g3 f6 7. Bh3 fxe5 8. Nxe5 Nxe5
9. dxe5 Ne7 10. O-O Nc6 11. f4 Bc5+ 12. Kh1 O-O 13. Na3 a6 14. Nc2 b5 15. Be3
Bxe3 16. Nxe3 Qb6 17. Nc2 a5 18. Nd4 Nd8 19. f5 exf5 20. Nxf5 Bxf5 21. Bxf5 g6
22. Qxd5+ Kh8 23. Qxa8 gxf5 24. Rad1 Qc6+ 25. Qxc6 Nxc6 26. Rde1 Kg7 27. Rd1 Nxe5
28. Rd5 Nd3 29. Rxb5 a4 30. Rfxf5 Re8 31. Rg5+ Kh8 32. Rb7 Re1+ 33. Kg2 Re2+ 34.
Kf3 Rf2+ 35. Ke3 Rf8 36. Kd4 Nf2 37. Kxc4 Ne4 38. Rd5 Rc8+ 39. Kd4 Nf6 40. Rc5
Rd8+ 41. Kc4 Ne4 42. Rcc7 Nd6+ 43. Kb4 Nxb7 44. Rxb7 Rd2 45. Kxa4 Rxh2 46. c4
Rg2 47. Rb3 Kg7 48. c5 Rc2 49. Kb5 Kf7 50. a4 Ke7 51. Re3+ Kd7 52. b4 h6 53. a5
Kc8 54. Kb6 Rf2 55. Rd3 Rf6+ 56. Rd6 Rf7 57. c6 h5 58. a6 h4 59. gxh4 Rc7 60.
Rd7 Ra7 61. Rd8+ Kxd8 62. Kxa7 Kc8 63. b5 Kc7 64. b6+ Kc8 65. b7+ Kc7 66. b8=Q+
1-0

[Event "Mistrzostwa Polski Juniorek Mlodszych do lat 14 - OOM Zachodniopomorskie 2023"]
[Site "Darlowek"]
[Date "1899-12-30"]
[Round "4.25"]
[White "Cheda, Julia"]
[Black "Mitrega, Lena"]
[Result "1/2-1/2"]
[WhiteTitle "II"]
[BlackTitle "II"]
[WhiteElo "1068"]
[BlackElo "1187"]

1. c4 e5 2. Nc3 Nc6 3. Nf3 Nf6 4. g3 d6 5. Bg2 Be7 6. O-O O-O 7. d3 Be6 8. Bd2
Qd7 9. a3 Rab8 10. b4 a6 11. Rb1 Bh3 12. Re1 Bxg2 13. Kxg2 Na7 14. Qb3 b6 15.
a4 b5 16. axb5 axb5 17. Ra1 bxc4 18. Qxc4 Nb5 19. Nd5 Nxd5 20. Qxd5 Bf6 21. Rab1
c6 22. Qb3 d5 23. Be3 Rb7 24. Rec1 Rfb8 25. Bd2 e4 26. Ne1 Nd4 27. Qd1 exd3 28.
Nxd3 Be7 29. e3 Nb5 30. Ne5 Qd6 31. Nxc6 Na3 1/2-1/2

[Event "Mistrzostwa Polski Juniorek Mlodszych do lat 14 - OOM Zachodniopomorskie 2023"]
[Site "Darlowek"]
[Date "1899-12-30"]
[Round "5.1"]
[White "Kawka, Milena"]
[Black "Gaszka, Zuzanna"]
[Result "1/2-1/2"]
[WhiteTitle "I+"]
[BlackTitle "I++"]
[WhiteElo "1522"]
[BlackElo "1740"]

1. e4 c6 2. d4 d5 3. Nc3 dxe4 4. Nxe4 Nf6 5. Nxf6+ exf6 6. c3 Bd6 7. Bd3 O-O 8.
Qc2 Re8+ 9. Be3 h5 10. O-O-O Nd7 11. Ne2 Nf8 12. Ng3 Qa5 13. Kb1 Be6 14. b3 Rac8
15. Ne4 Be7 16. Bf4 Red8 17. f3 c5 18. dxc5 Bxc5 19. Nxc5 Qxc5 20. Kb2 a5 21.
Rhe1 Kh8 22. Be4 Bd5 23. Bxd5 Rxd5 24. Rxd5 Qxd5 25. Qe4 Qc5 26. c4 Ne6 27. Be3
Qb4 28. Rd1 a4 29. Rd5 g6 30. Bd2 Qb6 31. Bc3 axb3 32. axb3 Ra8 33. Bxf6+ Kg8
34. Bd4 Qa6 35. Kc2 Nxd4+ 36. Qxd4 Re8 37. Kb2 Re2+ 38. Kc3 Re8 39. Kb2 Re2+ 40.
Kc3 Re8 1/2-1/2

[Event "Mistrzostwa Polski Juniorek Mlodszych do lat 14 - OOM Zachodniopomorskie 2023"]
[Site "Darlowek"]
[Date "1899-12-30"]
[Round "5.2"]
[White "Wojs, Alicja"]
[Black "Natoli, Alessia"]
[Result "1/2-1/2"]
[WhiteTitle "I++"]
[BlackTitle "k"]
[WhiteElo "1639"]
[BlackElo "1838"]

1. e4 c6 2. d4 d5 3. Nd2 dxe4 4. Nxe4 Nd7 5. Bc4 Ngf6 6. Nxf6+ Nxf6 7. Ne2 Bf5
8. c3 e6 9. Ng3 Bg6 10. Bd3 Bxd3 11. Qxd3 Be7 12. Ne4 O-O 13. Nxf6+ Bxf6 14. Qf3
Qa5 15. O-O Rfd8 16. Bf4 Rac8 17. Rfe1 Qf5 18. Qe4 Qxe4 19. Rxe4 c5 20. dxc5 Rxc5
21. Ree1 Rb5 22. Rab1 g5 23. Be3 a6 24. h3 h5 25. c4 Rf5 26. Rbd1 Kf8 27. Rxd8+
Bxd8 28. Rd1 Ke8 29. b4 Re5 30. Kf1 Re4 31. Rd4 Rxd4 32. Bxd4 b5 33. c5 Kd7 34.
Ke2 Kc6 35. Kd3 Kd5 36. f3 f5 37. g4 fxg4 38. fxg4 hxg4 39. hxg4 e5 40. Be3 Bf6
41. Kc3 Be7 42. Kd3 Bd8 43. Bd2 Bf6 44. Be3 Bd8 45. Bc1 e4+ 46. Ke3 a5 47. a3
axb4 48. axb4 Bf6 49. Bd2 Bb2 50. Ke2 Bf6 1/2-1/2

[Event "Mistrzostwa Polski Juniorek Mlodszych do lat 14 - OOM Zachodniopomorskie 2023"]
[Site "Darlowek"]
[Date "1899-12-30"]
[Round "5.3"]
[White "Babinska, Liwia"]
[Black "Moczala, Maja"]
[Result "0-1"]
[WhiteTitle "I"]
[BlackTitle "I++"]
[WhiteElo "1294"]
[BlackElo "1707"]

1. e4 c5 2. Nf3 Nc6 3. d4 cxd4 4. Nxd4 Nf6 5. Nc3 d6 6. Bc4 e6 7. Be3 Be7 8. Qe2
a6 9. O-O-O Qc7 10. Bb3 O-O 11. g4 Nxd4 12. Rxd4 b5 13. g5 Nd7 14. Rg1 Rd8 15.
Qh5 Bb7 16. Rg3 Bc6 17. f4 b4 18. Rh3 Nf8 19. Rxb4 d5 20. exd5 Bxb4 21. dxc6 Qxc6
22. f5 Bxc3 23. bxc3 Qxc3 24. Kb1 Qe1+ 25. Kb2 Rd1 26. fxe6 Rb1+ 27. Ka3 Qa5+
28. Ba4 Qb4# 0-1

[Event "Mistrzostwa Polski Juniorek Mlodszych do lat 14 - OOM Zachodniopomorskie 2023"]
[Site "Darlowek"]
[Date "1899-12-30"]
[Round "5.4"]
[White "Kucia, Kinga"]
[Black "Obukhava, Anastasiya"]
[Result "0-1"]
[WhiteTitle "I"]
[BlackTitle "I"]
[WhiteElo "1253"]
[BlackElo "1610"]

1. d4 d5 2. c4 dxc4 3. Nf3 Nf6 4. e3 e6 5. Bxc4 c5 6. O-O Nc6 7. dxc5 Bxc5 8. Nc3
a6 9. Qe2 b5 10. Bd3 Bb7 11. Rd1 Qc7 12. a3 O-O 13. h3 Ne5 14. Nxe5 Qxe5 15. g3
Rad8 16. Qc2 Qh5 17. Kf1 Qxh3+ 18. Ke2 Qh5+ 19. Kd2 Ne4+ 20. Nxe4 Bxe4 21. Ke1
Qh1+ 22. Ke2 Bf3+ 23. Kd2 Qxd1+ 24. Qxd1 Bxd1 25. Kxd1 Rxd3+ 26. Ke2 Rfd8 27.
b4 Be7 0-1

[Event "Mistrzostwa Polski Juniorek Mlodszych do lat 14 - OOM Zachodniopomorskie 2023"]
[Site "Darlowek"]
[Date "1899-12-30"]
[Round "5.5"]
[White "Duda, Aleksandra"]
[Black "Borowik, Monika"]
[Result "1-0"]
[WhiteTitle "I++"]
[BlackTitle "I"]
[WhiteElo "1570"]
[BlackElo "1372"]

1. c4 Nf6 2. Nc3 g6 3. d4 Bg7 4. g3 O-O 5. Bg2 d6 6. e3 Nc6 7. Nge2 e5 8. O-O Nd7
9. b3 f5 10. d5 Ne7 11. Bb2 a5 12. Qc2 Nf6 13. a3 g5 14. f4 gxf4 15. exf4 Ng4
16. Nd1 c6 17. h3 Nh6 18. Ne3 Qb6 19. c5 dxc5 20. Nc4 Qa7 21. d6 Nd5 22. Qd2 e4
23. Bxg7 Kxg7 24. Nc3 Be6 25. Kh2 Rad8 26. Qb2 Kg8 27. Rfd1 b5 28. Ne5 Rxd6 29.
Nxc6 Rxc6 30. Nxd5 Bxd5 31. Rxd5 c4 32. bxc4 Rg6 33. Qd2 Rxg3 34. Kxg3 Qg7+ 35.
Kh2 Qxa1 36. Rxb5 Kh8 37. Rxa5 Rg8 38. Ra7 Qf6 39. c5 Nf7 40. c6 Ne5 41. c7 Qg7
42. Kh1 Nf3 43. Qa2 Qd7 44. Bxf3 Qd4 45. Qxg8+ Kxg8 46. c8=Q+ 1-0

[Event "Mistrzostwa Polski Juniorek Mlodszych do lat 14 - OOM Zachodniopomorskie 2023"]
[Site "Darlowek"]
[Date "1899-12-30"]
[Round "5.6"]
[White "Nowak, Emilia"]
[Black "Klintsevich, Aliaksandra"]
[Result "0-1"]
[WhiteTitle "I"]
[BlackTitle "I"]
[WhiteElo "1252"]
[BlackElo "1541"]

1. e4 c5 2. Nf3 d6 3. c3 Nf6 4. h3 Nc6 5. Bd3 g6 6. Bc2 Bg7 7. d4 cxd4 8. cxd4
O-O 9. Nc3 Bd7 10. O-O Rc8 11. Be3 a6 12. Rc1 b5 13. a3 Na5 14. Bb1 Nc4 15. Qe2
Bc6 16. a4 Nxe3 17. fxe3 b4 18. Na2 a5 19. Rxc6 Rxc6 20. e5 dxe5 21. Nxe5 Rc7
22. Nc1 Nd5 23. Ncd3 e6 24. Nf3 Nb6 25. Nc5 Qd6 26. Qb5 Ra8 27. Be4 Nd5 28. Re1
Qc6 29. Qd3 f5 30. Bxd5 exd5 31. Nd2 Re8 32. Re2 Rce7 33. Kf2 Qf6 34. g3 g5 35.
Nf3 g4 36. Nh4 f4 37. Nf5 fxe3+ 38. Kg2 gxh3+ 39. Kxh3 Rf7 40. Nxg7 Rxg7 41. Kg2
Qg5 0-1

[Event "Mistrzostwa Polski Juniorek Mlodszych do lat 14 - OOM Zachodniopomorskie 2023"]
[Site "Darlowek"]
[Date "1899-12-30"]
[Round "5.7"]
[White "Kicinska, Anna"]
[Black "Wieczorek, Maja"]
[Result "0-1"]
[WhiteTitle "I++"]
[BlackTitle "I"]
[WhiteElo "1424"]
[BlackElo "1308"]

1. d4 f5 2. Nf3 Nf6 3. c4 g6 4. Nc3 Bg7 5. g3 O-O 6. Bg2 d6 7. O-O Nc6 8. d5 Na5
9. Nd2 c5 10. a3 b6 11. Qc2 Rb8 12. Ra2 e5 13. e4 a6 14. b4 Nb7 15. Bb2 Bd7 16.
Kh1 b5 17. cxb5 axb5 18. exf5 gxf5 19. Qd3 Qe8 20. Re1 Qh5 21. f3 e4 22. Qe2 Rbe8
23. fxe4 Ng4 24. Bf3 fxe4 25. Bxg4 Bxg4 26. Qxb5 Rf2 27. Qxe8+ Qxe8 28. Ncxe4
Qf8 29. Bxg7 Kxg7 30. Nxf2 Qxf2 31. Rea1 c4 32. h3 c3 33. hxg4 cxd2 0-1

[Event "Mistrzostwa Polski Juniorek Mlodszych do lat 14 - OOM Zachodniopomorskie 2023"]
[Site "Darlowek"]
[Date "1899-12-30"]
[Round "5.8"]
[White "Opalka, Marta"]
[Black "Chmielek, Kamelia"]
[Result "0-1"]
[WhiteTitle "I"]
[BlackTitle "I+"]
[WhiteElo "1330"]
[BlackElo "1420"]

1. d4 d5 2. Bf4 Nf6 3. e3 c5 4. Nf3 Nc6 5. c3 e6 6. Nbd2 Bd6 7. Bg3 O-O 8. Bd3
b6 9. Qb1 h6 10. O-O Bxg3 11. hxg3 Qd6 12. Re1 Bb7 13. e4 dxe4 14. Nxe4 Nxe4 15.
Bxe4 Rab8 16. Qd3 Rfd8 17. Rad1 cxd4 18. cxd4 Nb4 19. Qb3 Bxe4 20. Rxe4 Qd5 21.
Re3 Qxb3 22. Rxb3 Nd5 23. Ne5 Rbc8 24. Rf3 Rc7 25. Kf1 f6 26. Ng4 Rc2 27. Rb3
Kf7 28. f3 h5 29. Nf2 Rdc8 30. Ke1 Ke7 31. a3 a5 32. Rd2 a4 33. Rbd3 b5 34. Ne4
Rc1+ 35. Ke2 Rg1 36. Kf2 Rcc1 37. g4 h4 38. f4 Rgf1+ 39. Ke2 Rce1# 0-1

[Event "Mistrzostwa Polski Juniorek Mlodszych do lat 14 - OOM Zachodniopomorskie 2023"]
[Site "Darlowek"]
[Date "1899-12-30"]
[Round "5.9"]
[White "Gajda, Anna"]
[Black "Michalska, Lena"]
[Result "0-1"]
[WhiteTitle "I"]
[BlackTitle "I"]
[WhiteElo "1248"]
[BlackElo "1405"]

1. e4 g6 2. d4 Bg7 3. Nc3 c6 4. Nf3 d5 5. exd5 cxd5 6. Bb5+ Bd7 7. Bxd7+ Qxd7 8.
Ne5 Qd8 9. Qf3 Nf6 10. Bg5 Nc6 11. Bxf6 Bxf6 12. Qxd5 Qxd5 13. Nxd5 Nxd4 14. Nc7+
Kd8 15. Nxa8 Bxe5 16. O-O-O Kc8 17. Rhe1 Bf6 18. Re3 Kb8 19. Nb6 axb6 20. Red3
Ne2+ 21. Kb1 Nf4 22. Rd8+ Rxd8 23. Rxd8+ Kc7 24. Rf8 Nxg2 25. Rxf7 h5 26. Rf8
Ne1 27. Ra8 Nf3 28. h3 Ng5 29. Ra3 Ne4 30. f3 Nd2+ 31. Kc1 Nc4 32. Rb3 Nxb2 33.
Rxb2 Bxb2+ 34. Kxb2 Kd6 35. Kb3 Ke5 36. Kb4 Kf4 37. Kb5 Kxf3 38. Kxb6 e5 39. a4
e4 40. a5 e3 41. Kxb7 e2 42. a6 e1=Q 43. a7 Qb1+ 44. Ka6 Qa2+ 45. Kb7 Qxc2 46.
a8=Q Qe4+ 47. Ka7 Qxa8+ 48. Kxa8 Kg3 0-1

[Event "Mistrzostwa Polski Juniorek Mlodszych do lat 14 - OOM Zachodniopomorskie 2023"]
[Site "Darlowek"]
[Date "1899-12-30"]
[Round "5.10"]
[White "Walerjan, Ada"]
[Black "Konkol, Sandra"]
[Result "0-1"]
[WhiteTitle "I"]
[BlackTitle "I+"]
[WhiteElo "1219"]
[BlackElo "1468"]

1. e4 c6 2. d4 d5 3. Nc3 dxe4 4. Nxe4 Nf6 5. Nxf6+ exf6 6. Be3 Bf5 7. Bd3 Bxd3
8. Qxd3 Bd6 9. Ne2 O-O 10. O-O Nd7 11. c4 Re8 12. Rfe1 c5 13. Nc3 cxd4 14. Qxd4
Qc7 15. h3 Bc5 16. Qf4 Qxf4 17. Bxf4 Ne5 18. Bxe5 fxe5 19. Rad1 f6 20. Rd7 b6
21. Nb5 Red8 22. Red1 Bd4 23. Rxd8+ Rxd8 24. Nxd4 Rxd4 25. Rxd4 exd4 26. Kf1 Kf7
27. Ke2 Ke6 28. Kd3 Ke5 29. f4+ Kxf4 30. Kxd4 a5 31. a3 a4 32. b4 axb3 33. Kc3
Ke5 34. c5 b2 35. Kxb2 b5 36. Kc3 Kd5 37. Kd3 Kxc5 38. g3 Kd5 39. Kc3 Kc5 40.
Kd3 Kb6 41. Kd4 Ka5 42. Kc5 Ka4 43. g4 g6 44. h4 f5 45. gxf5 gxf5 46. h5 f4 47.
Kd4 Kxa3 48. Ke4 b4 49. Kxf4 b3 50. Kg5 b2 51. Kh6 b1=Q 52. Kg7 Kb4 53. h6 Kc5
54. Kh8 Kd6 55. Kg7 Ke7 56. Kh8 Kf6 57. Kg8 Kg6 58. Kf8 Qe4 59. Kg8 Qe8# 0-1

[Event "Mistrzostwa Polski Juniorek Mlodszych do lat 14 - OOM Zachodniopomorskie 2023"]
[Site "Darlowek"]
[Date "1899-12-30"]
[Round "5.11"]
[White "Rusiecki, Katarzyna"]
[Black "Doskocz, Dominika"]
[Result "1-0"]
[WhiteTitle "I+"]
[BlackTitle "I"]
[WhiteElo "1370"]
[BlackElo "1193"]

1. d4 d5 2. c4 c6 3. Nf3 Nf6 4. Nc3 e6 5. Bg5 Be7 6. e3 b6 7. cxd5 exd5 8. Bd3
O-O 9. O-O h6 10. Bh4 g5 11. Bg3 Bg4 12. h3 Bh5 13. Qc2 Bxf3 14. gxf3 Kh8 15.
Ne2 c5 16. Rad1 cxd4 17. Nxd4 Nbd7 18. Bc7 Qc8 19. Nf5 Bc5 20. Bh2 h5 21. Qe2
Rg8 22. a3 g4 23. fxg4 hxg4 24. h4 Qd8 25. b4 Be7 26. Rc1 Ne8 27. Bg3 Ndf6 28.
Rc6 Rc8 29. Rxc8 Qxc8 30. Nxe7 Qb7 31. Nxg8 Kxg8 32. Ba6 Qc6 33. Bb5 Qc8 34. Bxe8
Qxe8 35. Qd3 Qe6 36. Qd4 Ne4 37. Qe5 Qh6 38. Qxd5 Nxg3 39. Qd8+ Kh7 40. Qd3+ Kg7
41. fxg3 Qe6 42. Qd4+ Kg8 43. a4 Qc8 44. Rd1 Qe6 45. Qd8+ Kh7 46. Qg5 Qc6 47.
Qh5+ Kg7 48. Qxg4+ Kh7 49. Qf5+ Kg7 50. Rf1 Qc7 51. Kh2 Qc4 52. Kh3 1-0

[Event "Mistrzostwa Polski Juniorek Mlodszych do lat 14 - OOM Zachodniopomorskie 2023"]
[Site "Darlowek"]
[Date "1899-12-30"]
[Round "5.12"]
[White "Mansz, Martyna"]
[Black "Palejko, Gabriela"]
[Result "0-1"]
[WhiteTitle "I"]
[BlackTitle "I"]
[WhiteElo "1208"]
[BlackElo "1344"]

1. c4 Nf6 2. d4 d5 3. Nc3 c6 4. Bf4 e6 5. Nf3 Bd6 6. Bxd6 Qxd6 7. c5 Qc7 8. Ne5
Nbd7 9. f4 Nxe5 10. fxe5 Nd7 11. b4 O-O 12. e4 dxe4 13. Nxe4 Nxe5 14. Nd6 Ng6
15. Bd3 Nf4 16. O-O Nxd3 17. Qxd3 b6 18. Rf3 a5 19. bxa5 Rxa5 20. Nc4 Ba6 21.
cxb6 Bxc4 22. bxc7 Bxd3 23. Rxd3 Ra7 24. Rc3 Rxc7 25. a4 Ra8 26. a5 Kf8 27. a6
Raa7 28. Kf2 Ke7 29. Ke3 Kd6 30. Ra5 f6 31. Ke4 Re7 32. Rcc5 Re8 33. Ra2 h6 34.
g3 g6 35. h3 e5 36. g4 exd4+ 37. Kxd4 Re1 38. Rc3 c5+ 39. Kc4 Re4+ 40. Kb5 Rb4+
41. Ka5 Kc6 42. Rxc5+ Kxc5 43. Rc2+ Rc4 44. Rb2 Rc3 45. Rb5+ Kc6 46. Rb6+ Kc7
47. Rxf6 Rxa6+ 48. Kxa6 Rc6+ 49. Rxc6+ Kxc6 50. Ka5 Kd5 51. Kb5 Ke5 52. Kc5 Kf4
53. Kd5 Kg3 54. Ke5 Kxh3 55. Kf4 g5+ 56. Kf3 Kh4 57. Kf2 Kxg4 58. Kg2 h5 59. Kh2
Kf3 60. Kh1 g4 61. Kg1 0-1

[Event "Mistrzostwa Polski Juniorek Mlodszych do lat 14 - OOM Zachodniopomorskie 2023"]
[Site "Darlowek"]
[Date "1899-12-30"]
[Round "5.13"]
[White "Pawlikowska, Ewa"]
[Black "Czarkowska, Dalia"]
[Result "1-0"]
[WhiteTitle "I"]
[BlackTitle "I"]
[WhiteElo "1343"]
[BlackElo "1209"]

1. e4 c6 2. d4 d5 3. exd5 cxd5 4. Bd3 Nc6 5. c3 Qc7 6. h3 Nf6 7. Nf3 g6 8. O-O
Bf5 9. Re1 Bxd3 10. Qxd3 Bg7 11. Be3 O-O 12. Nbd2 Rad8 13. Re2 e6 14. Rae1 Rc8
15. Ne5 Nxe5 16. dxe5 Nd7 17. Bf4 Nb6 18. Nf3 a6 19. Nd4 Nc4 20. Qg3 Kh8 21. Nf3
Rce8 22. Bg5 Nb6 23. Nh2 Nd7 24. Ng4 Qb8 25. Qh4 h5 26. Nf6 Bxf6 27. exf6 Qd8
28. g4 Kh7 29. gxh5 Rh8 30. hxg6+ Kxg6 31. Qf4 Rh5 32. h4 Qb8 33. Qg4 Nxf6 34.
Bxf6+ Kxf6 35. Qxh5 Rg8+ 36. Kh1 Qf4 37. Qe5+ Qxe5 38. Rxe5 Rg4 39. h5 b5 40.
Kh2 Rg7 41. h6 Rh7 42. Rh5 Kg6 43. Rh3 Rxh6 44. Rg1+ Kh7 45. Rxh6+ Kxh6 46. Rg3
a5 47. Kg2 b4 48. cxb4 axb4 49. a4 1-0

[Event "Mistrzostwa Polski Juniorek Mlodszych do lat 14 - OOM Zachodniopomorskie 2023"]
[Site "Darlowek"]
[Date "1899-12-30"]
[Round "5.14"]
[White "Branka, Julia"]
[Black "Kretowicz, Daria"]
[Result "1/2-1/2"]
[WhiteTitle "I"]
[BlackTitle "I"]
[WhiteElo "1324"]
[BlackElo "1163"]

1. e4 c5 2. g3 e6 3. Bg2 Qc7 4. Ne2 Nf6 5. O-O Be7 6. h3 Nc6 7. c3 O-O 8. d3 d6
9. Be3 b5 10. d4 Bb7 11. Nd2 a6 12. dxc5 dxc5 13. c4 b4 14. Qc2 Rfd8 15. Nb3 Ne5
16. Rfd1 Qb6 17. Nf4 h6 18. Rab1 Rac8 19. a3 a5 20. axb4 axb4 21. Rxd8+ Rxd8 22.
Ra1 Ra8 23. Rxa8+ Bxa8 24. Nd3 Nxd3 25. Qxd3 Bc6 26. Nd2 Qb7 27. f4 Qc7 28. e5
Nd7 29. Ne4 Bxe4 30. Qxe4 Nb6 31. b3 Kh8 32. Bf1 Kg8 33. h4 h5 34. Bd3 g6 35.
Bf1 Qc8 36. Qd3 Qd7 37. Qc2 Qc6 38. Bg2 Qd7 39. Be4 Qe8 40. Bd2 Kg7 41. Qd3 Qd7
42. Qe3 Qd4 43. Kf2 Qxe3+ 1/2-1/2

[Event "Mistrzostwa Polski Juniorek Mlodszych do lat 14 - OOM Zachodniopomorskie 2023"]
[Site "Darlowek"]
[Date "1899-12-30"]
[Round "5.15"]
[White "Oszutowska, Anna"]
[Black "Szczepanska, Jagoda"]
[Result "1-0"]
[WhiteTitle "I"]
[BlackTitle "II+"]
[WhiteElo "1299"]
[BlackElo "1107"]

1. e4 e5 2. Nf3 Nc6 3. Bb5 a6 4. Ba4 g6 5. O-O Bg7 6. c3 b5 7. Bc2 Nge7 8. Re1
O-O 9. d3 Kh8 10. Nbd2 d6 11. h3 Na5 12. a4 Bd7 13. Nf1 c5 14. Ng3 Nec6 15. Nh2
f5 16. exf5 Bxf5 17. Nxf5 Rxf5 18. d4 Rf7 19. dxc5 dxc5 20. Be3 Qe7 21. axb5 axb5
22. Be4 Rd8 23. Qe2 c4 24. Bb6 Rdf8 25. Bxa5 Nxa5 26. Rxa5 Rxf2 27. Qxf2 Rxf2
28. Kxf2 Qc5+ 29. Ke2 Kg8 30. Ra8+ Kf7 31. Rf1+ Ke6 32. Ng4 h5 33. Ne3 Bh6 34.
Rf3 Bxe3 35. Rxe3 Kf7 36. Rf3+ Kg7 37. Raf8 Qg1 38. R3f7+ Kh6 39. h4 1-0

[Event "Mistrzostwa Polski Juniorek Mlodszych do lat 14 - OOM Zachodniopomorskie 2023"]
[Site "Darlowek"]
[Date "1899-12-30"]
[Round "5.16"]
[White "Oleksiuk, Anna"]
[Black "Walewska, Natalia"]
[Result "0-1"]
[WhiteTitle "II"]
[BlackTitle "I"]
[WhiteElo "1119"]
[BlackElo "1297"]

1. e4 e5 2. Nf3 Nc6 3. d4 exd4 4. Nxd4 Bc5 5. Be3 Qf6 6. c3 Nge7 7. Be2 Bb6 8.
O-O O-O 9. Na3 d5 10. Bd3 Nxd4 11. Bxd4 Bxd4 12. cxd4 Qxd4 13. exd5 Qxb2 14. Nc4
Qf6 15. d6 cxd6 16. Nxd6 Rd8 17. Nb5 Bf5 18. Qf3 Bxd3 19. Qxf6 gxf6 20. Rfe1 Bxb5
21. Rxe7 Bc6 22. Re3 Re8 23. Rg3+ Kh8 24. h3 Rg8 25. Rxg8+ Kxg8 26. Re1 Re8 27.
Rd1 Kf8 28. Rd6 Kg7 29. Kh2 Re2 30. Kg3 Rb2 31. a3 Ra2 32. a4 Rxa4 33. Rd8 Ra5
34. h4 Rd5 35. Ra8 a5 36. Kf4 a4 37. g4 Rd4+ 38. Kg3 Rd3+ 39. Kf4 Rf3# 0-1

[Event "Mistrzostwa Polski Juniorek Mlodszych do lat 14 - OOM Zachodniopomorskie 2023"]
[Site "Darlowek"]
[Date "1899-12-30"]
[Round "5.17"]
[White "Lukasik, Aleksandra"]
[Black "Wrona, Faustyna"]
[Result "1/2-1/2"]
[WhiteTitle "I"]
[BlackTitle "II+"]
[WhiteElo "1236"]
[BlackElo "1046"]

1. e4 e5 2. Nf3 Nc6 3. Bb5 Nge7 4. c3 g6 5. d4 exd4 6. cxd4 a6 7. Ba4 b5 8. Bb3
Bg7 9. d5 Na5 10. Bd2 Nxb3 11. Qxb3 O-O 12. Bc3 c5 13. Bxg7 Kxg7 14. Qc3+ f6 15.
Qxc5 d6 16. Qc3 Re8 17. O-O Ng8 18. Re1 Nh6 19. h3 Nf7 20. Nbd2 Ne5 21. Nd4 Bd7
22. N2f3 Rc8 23. Qa3 Qb6 24. b3 b4 25. Qb2 Nd3 26. Qd2 Nxe1 27. Rxe1 Qc5 28. g4
Qc3 29. Qf4 g5 30. Qxd6 Bb5 31. Nxb5 axb5 32. Qd7+ Kg8 33. Qf5 Rcd8 34. Kg2 Kg7
35. Re3 Qc5 1/2-1/2

[Event "Mistrzostwa Polski Juniorek Mlodszych do lat 14 - OOM Zachodniopomorskie 2023"]
[Site "Darlowek"]
[Date "1899-12-30"]
[Round "5.18"]
[White "Pietrzak, Antonina"]
[Black "Nurkiewicz, Anna"]
[Result "0-1"]
[WhiteTitle "I"]
[BlackTitle "I+"]
[WhiteElo "1104"]
[BlackElo "1361"]

1. e4 e5 2. Nf3 Nc6 3. Bc4 Bc5 4. d3 Nf6 5. Nc3 h6 6. Be3 Bb6 7. Bxb6 axb6 8. h3
d6 9. O-O g5 10. Nh2 h5 11. Qd2 Rg8 12. Ne2 d5 13. Bxd5 Nxd5 14. exd5 Qxd5 15.
a3 g4 16. h4 g3 17. fxg3 Qc5+ 18. Kh1 Nd4 19. Nxd4 Qxd4 20. c3 Qd6 21. Rf3 Be6
22. Re1 O-O-O 23. Qh6 e4 24. dxe4 Qe5 25. Qf4 Qb5 26. Rf2 Rd3 27. Nf1 Qb3 28.
Rd2 Qb5 29. Red1 Rxd2 30. Rxd2 Kb8 31. Ne3 Qc6 32. Nd5 Rg4 33. Qf3 Qc4 34. Nf6
Rg6 35. e5 Qc5 36. Qxh5 Qe3 37. Re2 Qxg3 38. Qh8+ Ka7 39. Ne4 Qg4 40. h5 Rg8 41.
Qxg8 Qxg8 42. Nf6 Qg5 43. Re4 Bf5 44. Ra4+ Kb8 45. Rd4 Bc2 46. Rg4 Qe3 47. Rg7
Qe1+ 48. Kh2 Qxe5+ 49. g3 Qxf6 50. Rg8+ Ka7 51. Kh3 Bh7 52. Re8 Qg5 53. g4 f5
54. gxf5 Bxf5+ 55. Kh2 Qxh5+ 56. Kg3 Qxe8 57. b4 c5 58. bxc5 bxc5 59. a4 Qe3+
60. Kh4 Qf4+ 61. Kh5 Qg4+ 62. Kh6 Qg6# 0-1